Govt. of
Madhya Pradesh

परीक्षा वाणी सामान्‍य अध्‍ययन विशेेषांक विश्‍व का भूगाोल (Record no. 66304)

MARC details
000 -LEADER
fixed length control field 00574nam a22001577a 4500
003 - CONTROL NUMBER IDENTIFIER
control field macl
005 - DATE AND TIME OF LATEST TRANSACTION
control field 20231104121633.0
008 - FIXED-LENGTH DATA ELEMENTS--GENERAL INFORMATION
fixed length control field 231104b |||||||| |||| 00| 0 eng d
040 ## - CATALOGING SOURCE
Transcribing agency macl
082 ## - DEWEY DECIMAL CLASSIFICATION NUMBER
Classification number 910
100 ## - MAIN ENTRY--PERSONAL NAME
Personal name ओझा, एस. के.
9 (RLIN) 82005
245 ## - TITLE STATEMENT
Title परीक्षा वाणी सामान्‍य अध्‍ययन विशेेषांक विश्‍व का भूगाोल
260 ## - PUBLICATION, DISTRIBUTION, ETC. (IMPRINT)
Place of publication, distribution, etc. प्रयागराज
Name of publisher, distributor, etc. बौद्धिक प्रकाशन
Date of publication, distribution, etc. 2006
650 ## - SUBJECT ADDED ENTRY--TOPICAL TERM
Topical term or geographic name as entry element भूगोल
942 ## - ADDED ENTRY ELEMENTS (KOHA)
Source of classification or shelving scheme
Koha item type Hindi Books
Holdings
Withdrawn status Lost status Source of classification or shelving scheme Damaged status Not for loan Home library Current library Date acquired Cost, normal purchase price Total Checkouts Full call number Barcode Date last seen Date last checked out Price effective from Koha item type
          MACL MACL 04/11/2023 340.00 10 910 DPI001365 13/05/2025 07/05/2025 04/11/2023 Hindi Books